000 00658nam a2200205 a 4500
001 001001993
003 AM-YEHGA
005 20260325100415.0
008 140212s1926 ru r 000 0 rus d
040 _aAM-YEHGA
041 0 _arus
100 1 _aЛовягин, А. М.
245 1 0 _aОсновы книговедения :
_bПопулярный очерк /
_cА.М. Ловягин.
260 _aЛенинград :
_bНачатки знаний,
_c1926.
300 _a166 с. ;
_c19 см
650 1 4 _aНаучно-техническая информация
650 1 4 _aПечать
653 0 _aКниговедение
942 _2udc
_cBK
999 _c509038
_d509038